00473cam a22001572 4500001001100000005001700011008004100028020002800069040001500097050002100112245006300133260004000196300001600236600003300252700003000285000000053220151217155803.0070207s xx 000 0 eng d a0865433968 :cKES 3,250 aKABUcKABU 0aDT512.3b.N58L5414aThe Life and work of Kwame Nkurumah /ced. by Kwame Arhin. aTrenton, NJ :bAfrica World,c1993. axiv, 364 p.10aNkurumah, Kwame.@00001487501 aArhin, Kwame.@0000148751